000 01281nam a2200301Ia 4500
005 20211108105437.0
008 130821s1998 ck gr spa
020 _a9586650111
040 _aCo-BoUCM
_bspa
_cDeissy Garcia (modificó)
_dDeissy Garcia (modificó)
041 0 0 _aspa
245 1 0 _aViviendo a toda Jóvenes, territorios culturales y nuevas sensibilidades
_cEditores Humberto J., Cubides C, María Cristina Laverde Toscano y Carlos Eduardo Valderrama H
260 _aBogotá (Cundinamarca, Colombia)
_bSiglo del Hombre Editores
_c1998
300 _a340 páginas
490 _aBiblioteca Universitaria. Ciencias sociales y humanidades. Serie Encuentros
504 _aIncluye referencias bibliográficas
650 0 4 _aAspectos sociales
_99682
650 0 4 _aDelincuencia juvenil
_97488
650 0 4 _aDelincuencia juvenil
_zAmérica Latina
_97488
650 0 4 _aJuventud
_918211
650 0 4 _aJuventud
_vAspectos sociales
_zAmérica Latina
_918211
650 0 4 _aSociología
_9386
651 _aAmérica Latina
_926753
700 1 _aCubides C., Humberto J
_9102867
700 1 _aLaverde Toscano, María Cristina
_9102868
700 1 _aValderrama H., Carlos Eduardo
_9102869
942 _cLIBRO
_a5
_e1
_mV49
_2DEWEY
_h305.23
_n0
999 _c25969
_d25969